[Event "World Cup U18 Girls Prel"]
[Site "Tornelo INT"]
[Date "2021.08.01"]
[Round "2"]
[White "Mohsen, Nur Batrisya Wafa"]
[Black "Alvarez, Claudia"]
[Result "1-0"]
[WhiteElo "1208"]
[BlackElo "1619"]
[PlyCount "75"]
[EventDate "2021.08.01"]
[EventType "swiss (rapid)"]
[EventRounds "10"]
[EventCountry "NET"]
[SourceTitle "EXT 2024"]
[Source "ChessBase"]
[SourceDate "2023.10.10"]
[SourceVersion "1"]
[SourceVersionDate "2023.10.10"]
[SourceQuality "1"]

1. Nf3 Nf6 2. c4 c6 3. g3 d5 4. b3 Bf5 5. Bb2 Qc8 6. Nc3 Bh3 7. Bxh3 Qxh3 8. Rf1 Qd7 9. cxd5 cxd5 10. d4 e6 11. Qd3 Be7 12. Ne5 Qd8 13. Qb5+ Nbd7 14. Qxb7 Bd6 15. f4 0-0 16. Qb5 Rc8 17. Qd3 Bb4 18. Rc1 Ne4 19. Kd1 Nxc3+ 20. Bxc3 Bxc3 21. Rxc3 Nf6 22. Rxc8 Qxc8 23. Qc2 Qxc2+ 24. Kxc2 Ne4 25. Kb2 Rc8 26. Rc1 Rxc1 27. Kxc1 f6 28. Nc6 a6 29. b4 Nc3 30. Kb2 Nxe2 31. a4 Kf8 32. Kc2 Ke8 33. Kd3 Kd7 34. Nb8+ Kc7 35. Nxa6+ Kb6 36. Nc5 Nxd4 37. Kxd4 e5+ 38. fxe5 1-0

[Event "Chorrera Valdez Memorial 1st"]
[Site "Chorrera"]
[Date "2019.11.09"]
[Round "7.1"]
[White "Alvarez, Claudia"]
[Black "Gonzalez Soto, Pedro Jose"]
[Result "1/2-1/2"]
[WhiteElo "1403"]
[BlackElo "1819"]
[PlyCount "106"]
[EventDate "2019.11.02"]
[EventType "tourn"]
[EventRounds "7"]
[EventCountry "PAN"]
[SourceTitle "EXT 2021"]
[Source "ChessBase"]
[SourceDate "2020.10.23"]
[SourceVersion "1"]
[SourceVersionDate "2020.10.23"]
[SourceQuality "1"]

1. e4 e5 2. Nf3 Nc6 3. Nc3 Nf6 4. d4 exd4 5. Nxd4 Bb4 6. Nxc6 bxc6 7. Bd3 d5 8. exd5 cxd5 9. 0-0 0-0 10. Bg5 c6 11. Qf3 Bd6 12. h3 Rb8 13. Rab1 h6 14. Bh4 Rb4 15. Bxf6 Qxf6 16. Qxf6 gxf6 17. a3 Rb8 18. b4 Be6 19. Ne2 c5 20. c3 a5 21. bxc5 Bxc5 22. a4 Rfc8 23. Rxb8 Rxb8 24. Rb1 Rxb1+ 25. Bxb1 Bd7 26. Bc2 Kf8 27. Kf1 Ke7 28. Nd4 Ba3 29. Ke1 Bc1 30. Kd1 Bf4 31. Bb3 Kd6 32. Ke2 Kc5 33. Kd3 Be5 34. h4 f5 35. Nf3 Bf6 36. g3 f4 37. gxf4 Bf5+ 38. Kd2 Be4 39. Ne5 Bxh4 40. Nxf7 h5 41. Ke3 Bf6 42. Ne5 Bf5 43. Kf3 h4 44. Kg2 d4 45. cxd4+ Kxd4 46. Nc6+ Ke4 47. Nxa5 Kxf4 48. Bd5 Ke5 49. Bf3 Kf4 50. Bd5 Ke5 51. Bf3 Kf4 52. Bd5 Ke5 53. Bf3 Kf4 1/2-1/2

[Event "Caribbean-ch (Women)"]
[Site "Panama"]
[Date "2019.08.17"]
[Round "6"]
[White "Chung Hurtado, Yaleika"]
[Black "Alvarez, Claudia"]
[Result "1/2-1/2"]
[WhiteElo "1769"]
[BlackElo "1417"]
[PlyCount "115"]
[EventDate "2019.08.14"]
[EventType "swiss"]
[EventRounds "9"]
[EventCountry "PAN"]
[SourceTitle "EXT 2020"]
[Source "ChessBase"]
[SourceDate "2019.10.17"]
[SourceVersion "1"]
[SourceVersionDate "2019.10.17"]
[SourceQuality "1"]

1. Nf3 d5 2. g3 c5 3. Bg2 Nf6 4. 0-0 Nc6 5. d3 e6 6. Nbd2 Bd6 7. c4 0-0 8. Rb1 b6 9. a3 Bb7 10. b3 Qc7 11. Qc2 Nd4 12. Nxd4 cxd4 13. Bb2 e5 14. Rfc1 Rac8 15. b4 dxc4 16. Qxc4 Qxc4 17. Nxc4 Bxg2 18. Nxd6 Rxc1+ 19. Rxc1 Bh3 20. f3 Be6 21. Nc4 Nd7 22. a4 Rc8 23. Kf2 Kf8 24. Ba3 g6 25. Ke1 Kg7 26. Kd2 f6 27. Nd6 Rxc1 28. Kxc1 Bb3 29. a5 Ba4 30. Nc8 b5 31. Nxa7 Nb8 32. Nc8 Kf8 33. Nd6 Ke7 34. Ne4 Bb3 35. Kd2 Na6 36. h4 h5 37. Ke1 Be6 38. Kf2 Bc8 39. e3 dxe3+ 40. Kxe3 Nc7 41. Nc3 Ke6 42. Bb2 Nd5+ 43. Nxd5 Kxd5 44. f4 Bb7 45. Bc3 Bc8 46. Be1 Bb7 47. Bf2 Bc8 48. Kf3 Bg4+ 49. Ke3 Bc8 50. Bg1 Bb7 51. Kd2 Bc8 52. Bc5 exf4 53. gxf4 f5 54. Ke3 Bb7 55. Bf8 Bc8 56. d4 Bb7 57. Kd3 Bc8 58. Bc5 1/2-1/2

[Event "Pan American-ch U16 Girls"]
[Site "Guayaquil"]
[Date "2019.07.26"]
[Round "8"]
[White "Wang, Isabelle"]
[Black "Alvarez, Claudia"]
[Result "1/2-1/2"]
[WhiteElo "1440"]
[BlackElo "1417"]
[PlyCount "31"]
[EventDate "2019.07.21"]
[EventType "swiss"]
[EventRounds "9"]
[EventCountry "ECU"]
[SourceTitle "EXT 2020"]
[Source "ChessBase"]
[SourceDate "2019.10.17"]
[SourceVersion "1"]
[SourceVersionDate "2019.10.17"]
[SourceQuality "1"]

1. e4 d5 2. exd5 Nf6 3. Nc3 Nxd5 4. d4 e6 5. Nf3 Bb4 6. Bd2 Nc6 7. Bd3 Nf6 8. Ne2 Bxd2+ 9. Qxd2 b6 10. Bb5 Bb7 11. 0-0 0-0 12. Bd3 Re8 13. Ne5 Nxe5 14. dxe5 Qd5 15. Qg5 h6 16. Qg3 1/2-1/2

[Event "Pan American-ch U16 Girls"]
[Site "Guayaquil"]
[Date "2019.07.25"]
[Round "7"]
[White "Alvarez, Claudia"]
[Black "Hormazabal Figueroa, Constanza Valentina"]
[Result "0-1"]
[WhiteElo "1417"]
[BlackElo "1593"]
[PlyCount "57"]
[EventDate "2019.07.21"]
[EventType "swiss"]
[EventRounds "9"]
[EventCountry "ECU"]
[SourceTitle "EXT 2020"]
[Source "ChessBase"]
[SourceDate "2019.10.17"]
[SourceVersion "1"]
[SourceVersionDate "2019.10.17"]
[SourceQuality "1"]

1. e4 c5 2. Ne2 Nc6 3. d4 cxd4 4. Nxd4 Qb6 5. Nb3 Nf6 6. Nc3 e6 7. Be3 Qc7 8. g4 Bb4 9. Bd3 d5 10. Bc5 dxe4 11. Bxb4 exd3 12. Qxd3 Nxb4 13. Qb5+ Nc6 14. g5 a6 15. Qe2 Nd7 16. Nd5 Qd8 17. f4 0-0 18. Ne3 Re8 19. 0-0-0 Na5 20. Nc5 Qc7 21. Nd3 Nb6 22. Rhg1 Bd7 23. Ne5 Bb5 24. Qh5 Nbc4 25. g6 hxg6 26. Rxg6 fxg6 27. Nxg6 Nxe3 28. Qh8+ Kf7 29. Ne5+ 0-1

[Event "Pan American-ch U16 Girls"]
[Site "Guayaquil"]
[Date "2019.07.24"]
[Round "5"]
[White "Macias Chavarro, Manuela"]
[Black "Alvarez, Claudia"]
[Result "1-0"]
[WhiteElo "1624"]
[BlackElo "1417"]
[PlyCount "47"]
[EventDate "2019.07.21"]
[EventType "swiss"]
[EventRounds "9"]
[EventCountry "ECU"]
[SourceTitle "EXT 2020"]
[Source "ChessBase"]
[SourceDate "2019.10.17"]
[SourceVersion "1"]
[SourceVersionDate "2019.10.17"]
[SourceQuality "1"]

1. e4 e5 2. d4 exd4 3. c3 Nc6 4. cxd4 d5 5. e5 Bf5 6. a3 f6 7. f4 fxe5 8. dxe5 Bc5 9. Nf3 Nge7 10. Bd3 Qd7 11. Nc3 Rf8 12. Na4 Bb6 13. Nxb6 axb6 14. Be3 Ng6 15. g3 Nce7 16. Nd4 Bxd3 17. Qxd3 c5 18. Nb5 Nc8 19. a4 d4 20. Bd2 Qc6 21. 0-0 h5 22. Rac1 h4 23. Nxd4 Nxf4 24. Bxf4 1-0

[Event "Pan American-ch U16 Girls"]
[Site "Guayaquil"]
[Date "2019.07.23"]
[Round "4"]
[White "Alvarez, Claudia"]
[Black "Ayala Rosero, Ariana Marcela"]
[Result "0-1"]
[WhiteElo "1417"]
[BlackElo "1567"]
[PlyCount "66"]
[EventDate "2019.07.21"]
[EventType "swiss"]
[EventRounds "9"]
[EventCountry "ECU"]
[SourceTitle "EXT 2020"]
[Source "ChessBase"]
[SourceDate "2019.10.17"]
[SourceVersion "1"]
[SourceVersionDate "2019.10.17"]
[SourceQuality "1"]

1. e4 c5 2. Nf3 d6 3. d4 cxd4 4. Nxd4 Nf6 5. Nc3 a6 6. Bc4 e6 7. Be3 Nbd7 8. f3 b5 9. Bxe6 fxe6 10. Nxe6 Qa5 11. Nxf8 Kxf8 12. Qxd6+ Kf7 13. e5 Re8 14. f4 b4 15. Ne2 Re6 16. Qd3 Nd5 17. Qf5+ N7f6 18. exf6 Rxe3 19. Qh5+ Kxf6 20. 0-0 g6 21. Qg5+ Kg7 22. Ng3 h6 23. Qh4 Qc5 24. Kh1 Nf6 25. f5 g5 26. Nh5+ Kf7 27. Qf2 Nxh5 28. Rad1 Nf4 29. Rd8 Ra7 30. Rxc8 Qe5 31. Qd2 Qe4 32. Rg1 Nh3 33. Rf1 Re2 0-1